1538 1783 1473 1134 1955 1656 1344 1624 1555 1514 1957 1354 1502 1395 1373 1374 1629 1366 1005 1968 1604 1042 1568 1335 1032 1439 1520 1796 1813 1149 1174 1097 1681 1906 1963 1647 1496 1516 1355 1186 1701 1376 1418 1243 1364 1416 1916 1342 1977 1283 1120 1506 1619 1681 1873 1361 1492 1795 1911 1139 1430 1812 1069 1944 1401 1986 1156 1137 1514 1749 1685 1961 1848 1086 1793 1031 1783 1569 1998 1898 1739 1920 1375 1669 1876 1275 1527 1738 1991 1132 1050 1005 1008 1686 1087 1405 1467 1721 1382 BCNSPRNW ULIB Ver.6.0+V

เปลี่ยนเป็นภาษาไทย

Change to English
 แสดงรายละเอียดบรรณานุกรม
  กลับหน้าหลัก

Brief Record : Get Marc (ISO 2709) : E-mail record : QR code < ปิดหน้าต่าง
LEADER : 00000nam 2200000uu 4500
001    13399125168
003     ULIB
008    161027s2546||||th 000 0 tha d
020    ^a9744652357
099    ^aวจ.HM132^bส212ค
100 0  ^aสนาม บินชัย
245 00 ^aความเครียดประชาชนวัยแรงงาน เขตสาธารณสุขที่ 8/^cสนาม บินชัย
260    ^aนครสวรรค์ :^bโรงพยาบาลจิตเวชนครสวรรค์ราชนครินทร์ กรมสุขภาพจิต กระทรวงสาธารณสุข ,^c2546
300    ^a94 หน้า :^bตาราง
945    ^p0^l0^i001424
945    ^p0^l0^i001425
999 ^a ณรีรัตน์
รายการนี้ยังไม่มีแท็ก
คุณยังไม่ได้ล็อกอิน คุณสามารถมีกิจกรรมร่วมกับเว็บไซต์ได้ แต่ต้องล็อกอินก่อน ::
  ล็อกอิน

รายการสื่อสารสนเทศ

ลำดับที่ ประเภท เลขเรียก/บาร์โค้ด สถานที่ สถานะ
1. งานวิจัย
งานวิจัย
วจ.HM132 ส212ค ฉ.1 
  Barcode: 001424
ห้องสมุดวิทยาเขตสวรรค์ประชารักษ์
►วิจัย
บนชั้น
2. งานวิจัย
งานวิจัย
วจ.HM132 ส212ค ฉ.2 
  Barcode: 001425
ห้องสมุดวิทยาเขตสวรรค์ประชารักษ์
►วิจัย
บนชั้น

BibComment


ยังไม่เคยถูกคอมเมนท์

คอมเมนท์ทรัพยากรรายการนี้
  คอมเมนท์: ความเครียดประชาช..


 Copyright 2026. Bcnsprnw @Library